The world of mathematics : a small library of the literature of mathematics from A'h-mose the Scribe to Albert Einstein

Αποθηκεύτηκε σε:
Λεπτομέρειες βιβλιογραφικής εγγραφής
Μορφή: Βιβλίο
Γλώσσα:English
Δημοσίευση: London : Allen & Unwin, 1960
Θέματα:
Ετικέτες: Προσθήκη ετικέτας
Δεν υπάρχουν, Καταχωρήστε ετικέτα πρώτοι!

MARC

LEADER 00000cam a2200000 i 4500
001 1/9306
008 081111s1960 eng d
035 |l 10108581 
040 |a GR-MY-UA  |b gre  |e aacr 
041 0 |a eng 
082 0 |a 510  |2 (22) 
245 1 4 |a The world of mathematics :  |b a small library of the literature of mathematics from A'h-mose the Scribe to Albert Einstein /  |c presented with commentaries and notes by James R. Newman 
260 |a London :   |b Allen & Unwin,   |c 1960 
300 |a 4 τ. (xviii, 2535 σ.) ;  |b εικ.;  |c 22 εκ. 
504 |a Περιέχει ευρετήριο 
650 0 0 |a Mathematics. 
700 1 |a Newman, James R.   |q (James Roy),   |d 1907-1966.  |4 oth 
852 |a INST  |b SAMOS  |c MAG  |e 20081111  |h 510 WOR  |p 005300029673  |q 005300029673  |t BK  |v τ.1:  |y 0  |z τ.1 
852 |a INST  |b SAMOS  |c MAG  |e 20081111  |h 510 WOR  |p 005300029674  |q 005300029674  |t BK  |v τ.2:  |y 0  |z τ.2 
852 |a INST  |b SAMOS  |c MAG  |e 20081111  |h 510 WOR  |p 005300029675  |q 005300029675  |t BK  |v τ.3:  |y 0  |z τ.3 
852 |a INST  |b SAMOS  |c MAG  |e 20100713  |h 510 WOR  |p 005300031524  |q 005300031524  |t BK  |v τ.4:  |y 0  |z τ.4 
853 |a INST  |b SAMOS  |c MAG  |h 510 WOR 
901 |a BIBL3-2010-2 
901 |a BIBL3-2008-3 
909 |a Σ  |b 165848 
909 |a Σ  |b 155307 
909 |a Σ  |b 155306 
909 |a Σ  |b 155305 
970 |a ΡΟΥΣΣΟΥ  |b ΚΩΝΣΤΑΝΤΙΝΑ  |z 2010/07/08